Pour nous, les hommes: la Rédemption
Tallennettuna:
| Päätekijä: | |
|---|---|
| Aineistotyyppi: | Kirja |
| Kieli: | ranska |
| Julkaistu: |
París
Communio Fayard
1984
|
| Aiheet: | |
| Tagit: |
Lisää tagi
Ei tageja, Lisää ensimmäinen tagi!
|
MARC
| LEADER | 00000nam a2200000 a 4500 | ||
|---|---|---|---|
| 001 | UCW9130 | ||
| 003 | CL-VaPUC | ||
| 008 | 881212e19840000FR |||||||||||||||||fre|d | ||
| 082 | 0 | 4 | |a 234.3 |b MAN |2 21 |
| 100 | |a Manaranche, André |e autor |9 314278 | ||
| 245 | 1 | 0 | |a Pour nous, les hommes: la Rédemption |
| 300 | |a 222 p | ||
| 942 | |c BK | ||
| 945 | |d 19881212 00:00:00 | ||
| 260 | |a París |b Communio Fayard |c 1984 | ||
| 650 | 0 | |a Redención |9 314279 | |
| 583 | |a last modification |c 19881212 00:00:00 |k Rodrigo Vera | ||
| 999 | |c 221174 |d 221172 | ||
| 952 | |0 0 |1 2 |4 0 |6 234_300000000000000_MAN_1984 |7 0 |8 A |9 214220 |a BIBTEO |b BIBTEO |d 2019-11-15 |i 2828413 |o 234.3 MAN 1984 |p 2828413 |r 2019-11-15 |w 2019-11-15 |x Descarte 2019 |y BK |k ICR | ||